| 000 | 01114nam a22002297a 4500 | ||
|---|---|---|---|
| 999 |
_c60932 _d60932 |
||
| 005 | 20231121161134.0 | ||
| 008 | 231121s2023 ge ||||| |||| 00| 0 geo d | ||
| 020 | _a9789941332289 | ||
| 041 | _aeng | ||
| 080 | _a61(038) + 811.124'36 L-36 | ||
| 245 |
_aLatin medical terminology = ლათინური სამედიცინო ტერმინოლოგია : _bStudent' s book and workbook / _cNana Amiranashvili, Neli Khatiashvili, Manana Kutelia, Nana Amashukeli ; Tbilisi State Medical University, the Foreign Language Teaching Centre. |
||
| 264 |
_aთბილისი : _bუნივერსალი, _c2022. |
||
| 300 |
_a188 p.: _b24 cm. |
||
| 653 | _aლათინური ენა | ||
| 653 | _aმედიცინა | ||
| 700 |
_a Amiranashvili, Nana _eავტორი _920459 |
||
| 700 |
_aKhatiashvili, Neli _eავტორი _917691 |
||
| 700 |
_aKutelia, Manana _eავტორი _917692 |
||
| 700 |
_aAmashukeli, Nana _eავტორი _917693 |
||
| 710 |
_aTbilisi State Medical University Foreign Language Teaching Centre. _917694 |
||
| 942 |
_2udc _cBK |
||